| 000 | 00576nam a22002057a 4500 | ||
|---|---|---|---|
| 999 |
_c694 _d694 |
||
| 005 | 20191119094636.0 | ||
| 008 | 191119b ||||| |||| 00| 0 eng d | ||
| 020 | _a9781489845597 | ||
| 040 | _cKH8 | ||
| 082 | _aFIC KIN | ||
| 100 |
_aKinney, Jeff _eauthor |
||
| 245 |
_aHard luck / _cJeff Kinney |
||
| 260 |
_aUSA : _bAmulet Books, _c2013. |
||
| 300 |
_a217 p. ; _bill. : _c21 cm. |
||
| 440 |
_aDiary of wimpy kid _nbk 8 |
||
| 650 |
_a Friendship _vJuvenile fiction. |
||
| 650 |
_aFortune _vJuvenile fiction. |
||
| 650 |
_aMiddle schools _vJuvenile fiction. |
||
| 942 |
_2ddc _cFIC |
||